[Event "Sparkassen-Open A"]
[Site "Heusenstamm, Martinsee"]
[Date "2019.11.21"]
[Round "1.1"]
[White "Kuzubov, Yuriy"]
[Black "Werner, Dimo"]
[Result "1-0"]
[WhiteElo "2652"]
[BlackElo "1989"]
[PlyCount "47"]
[EventDate "2019.??.??"]
[WhiteTeam "Sfr. Bad Emstal/Wolfhagen"]
[BlackTeam "TSV Schott Mainz"]

1. d4 d5 2. c4 dxc4 3. e4 Nf6 4. e5 Nd5 5. Bxc4 e6 6. Nf3 c5 7. O-O Nc6 8. Bg5
Be7 9. Bxe7 Qxe7 10. dxc5 Qxc5 11. Nbd2 O-O 12. Rc1 Qe7 13. Qe2 Nf4 14. Qe3 Ng6
15. Bd3 Rd8 16. Bxg6 fxg6 17. Ne4 Bd7 18. Nd6 Be8 19. Rfd1 Nb8 20. Qg5 Nc6 21.
Qxe7 Nxe7 22. Nd4 Rd7 23. Nxe6 Nf5 24. Nc7 1-0

[Event "Sparkassen-Open A"]
[Site "Heusenstamm, Martinsee"]
[Date "2019.11.21"]
[Round "1.2"]
[White "Reinhard, Stefan"]
[Black "Nikolov, Momchil"]
[Result "0-1"]
[WhiteElo "1986"]
[BlackElo "2559"]
[PlyCount "54"]
[EventDate "2019.??.??"]
[WhiteTeam "SF Dettingen"]
[BlackTeam "vereinslos"]

1. d4 Nf6 2. c4 e6 3. Nc3 Bb4 4. Bd2 O-O 5. Nf3 d5 6. e3 b6 7. Bd3 Bb7 8. Qc2
Nbd7 9. O-O dxc4 10. Bxc4 Bd6 11. e4 e5 12. Bg5 exd4 13. Nd5 c5 14. Qb3 Bxd5
15. Bxd5 Rb8 16. Rfe1 Qc7 17. e5 Bxe5 18. Nxe5 Nxe5 19. Bxf6 gxf6 20. f4 Ng6
21. Re4 f5 22. Re2 Rbe8 23. Rae1 Rxe2 24. Rxe2 Qxf4 25. g3 Qg5 26. Kf2 f4 27.
Kg1 fxg3 0-1

[Event "Sparkassen-Open A"]
[Site "Heusenstamm, Martinsee"]
[Date "2019.11.21"]
[Round "1.3"]
[White "Kunin, Vitaly"]
[Black "Blübaum, Johanna"]
[Result "1-0"]
[WhiteElo "2549"]
[BlackElo "1981"]
[PlyCount "99"]
[EventDate "2019.??.??"]
[WhiteTeam "Freibauer Mörlenbach"]
[BlackTeam "SK Marburg"]

1. d4 d5 2. c4 e6 3. Nc3 Bb4 4. Nf3 Nf6 5. Qa4+ Nc6 6. e3 O-O 7. Bd2 Bd7 8. Qc2
a6 9. h3 Bd6 10. a3 Re8 11. Rd1 h6 12. cxd5 exd5 13. Bd3 Ne7 14. O-O Qc8 15.
Nh2 Bf5 16. Rfe1 Bxd3 17. Qxd3 Qf5 18. Qxf5 Nxf5 19. Nf3 c6 20. Rc1 h5 21. Rc2
Ne4 22. Rb1 Re6 23. b4 Rg6 24. Kf1 Re6 25. a4 g5 26. Nxe4 dxe4 27. Nxg5 Re7 28.
b5 axb5 29. axb5 f6 30. bxc6 bxc6 31. Nxe4 Rxe4 32. Rxc6 Ra2 33. Ke1 Re6 34.
Rc4 Kf7 35. Ke2 Re8 36. Rb5 Kg6 37. g4 hxg4 38. hxg4 Ng7 39. Rb6 Rd8 40. Rcc6
Ne8 41. Kd3 Bc7 42. Rb7 Ba5 43. Bxa5 Rxa5 44. Rbb6 Ra2 45. f3 Rda8 46. Ke4 R8a7
47. Kf4 Rd2 48. g5 Rf7 49. gxf6 Nxf6 50. Ke5 1-0

[Event "Sparkassen-Open A"]
[Site "Heusenstamm, Martinsee"]
[Date "2019.11.21"]
[Round "1.4"]
[White "Gentner, Markus"]
[Black "Nasuta, Grzegorz"]
[Result "0-1"]
[WhiteElo "1979"]
[BlackElo "2539"]
[PlyCount "96"]
[EventDate "2019.??.??"]
[WhiteTeam "SC Murrhardt"]
[BlackTeam "Godesberger SK"]

1. Nf3 d5 2. c4 c6 3. g3 Nf6 4. Bg2 Bg4 5. cxd5 Bxf3 6. Bxf3 cxd5 7. Qb3 Qd7 8.
Nc3 e6 9. O-O Nc6 10. Qa4 Bc5 11. d3 Nd4 12. Qxd7+ Kxd7 13. Kg2 Rhc8 14. Bg5
Nxf3 15. Kxf3 Rc6 16. Rfc1 Rac8 17. Bd2 Bb4 18. a3 Ba5 19. b4 Bb6 20. Na4 Bd4
21. Rxc6 Rxc6 22. Rc1 Rxc1 23. Bxc1 Kc6 24. Bb2 Bxb2 25. Nxb2 d4 26. e4 dxe3
27. fxe3 Kd5 28. Na4 Ne8 29. Nc3+ Kc6 30. Ke4 Nd6+ 31. Ke5 Kd7 32. e4 f6+ 33.
Kd4 Kc6 34. a4 Nf7 35. Ke3 Ne5 36. Nb5 a6 37. Nd4+ Kd6 38. h3 b6 39. Ne2 Nc6
40. b5 axb5 41. axb5 Na7 42. Nc3 Kc5 43. d4+ Kc4 44. d5 Nc8 45. Ne2 e5 46. g4
Nd6 47. Ng3 g6 48. h4 Nxb5 0-1

[Event "Sparkassen-Open A"]
[Site "Heusenstamm, Martinsee"]
[Date "2019.11.21"]
[Round "1.5"]
[White "Bagrationi, Alexander"]
[Black "Wuerl, Roland"]
[Result "1-0"]
[WhiteElo "2500"]
[BlackElo "1876"]
[PlyCount "113"]
[EventDate "2019.??.??"]
[WhiteTeam "vereinslos"]
[BlackTeam "SK Dieburg"]

1. e4 c5 2. Nf3 Nc6 3. d4 cxd4 4. Nxd4 Nf6 5. Nc3 d6 6. Bg5 e6 7. Qd2 a6 8.
O-O-O Bd7 9. f4 b5 10. a3 Be7 11. Nxc6 Bxc6 12. Bd3 Qc7 13. Kb1 h6 14. Bh4 Nxe4
15. Bxe4 Bxh4 16. Qxd6 Qxd6 17. Rxd6 Bxe4 18. Nxe4 O-O 19. Rhd1 Rfd8 20. Nc5 a5
21. b4 axb4 22. axb4 Rdc8 23. Rb6 Bf6 24. Nb3 Rab8 25. Rdd6 Be7 26. Rdc6 Rd8
27. Rxb8 Rxb8 28. c3 Bf6 29. Kc2 g5 30. f5 Re8 31. Nc5 Ra8 32. fxe6 fxe6 33.
Rxe6 Kf7 34. Ra6 Re8 35. Ra7+ Kg6 36. Kd2 Rd8+ 37. Rd7 Ra8 38. Ne4 Ra2+ 39. Ke3
Be5 40. Rd5 Bxh2 41. g4 Bf4+ 42. Kf3 h5 43. gxh5+ Kxh5 44. Rxb5 Ra1 45. Nf6+
Kg6 46. Nd5 Rc1 47. Nxf4+ gxf4 48. Kxf4 Rxc3 49. Ke5 Kf7 50. Kd6 Rd3+ 51. Rd5
Rc3 52. b5 Ke8 53. b6 Rb3 54. Kc7 Rc3+ 55. Kb8 Ke7 56. b7 Ke6 57. Rb5 1-0

[Event "Sparkassen-Open A"]
[Site "Heusenstamm, Martinsee"]
[Date "2019.11.21"]
[Round "1.6"]
[White "Haack, Kevin"]
[Black "Enchev, Ivajlo"]
[Result "1/2-1/2"]
[WhiteElo "1978"]
[BlackElo "2487"]
[PlyCount "143"]
[EventDate "2019.??.??"]
[WhiteTeam "SC Bad Soden"]
[BlackTeam "vereinslos"]

1. c4 e5 2. g3 Nf6 3. Bg2 c6 4. Nf3 e4 5. Nd4 d5 6. cxd5 Qxd5 7. Nc2 Qe5 8. Nc3
Bf5 9. O-O Be7 10. Re1 O-O 11. d3 Rd8 12. Bf4 Qe6 13. Ne3 Bg6 14. Qc1 Na6 15.
dxe4 Nxe4 16. Nxe4 Bxe4 17. Qc4 Qxc4 18. Nxc4 Bxg2 19. Kxg2 Nb4 20. Red1 Nd5
21. Kf3 Nxf4 22. Kxf4 Bf6 23. Rac1 h6 24. Kf3 c5 25. b3 b6 26. Ne3 Kf8 27. Nd5
Be5 28. Rd3 Rac8 29. Rcd1 Rc6 30. Ne3 Re8 31. Rd7 Rf6+ 32. Kg2 Bd4 33. Ng4 Rg6
34. e3 Bb2 35. h3 f5 36. Nh2 Re7 37. Rd8+ Kf7 38. R1d5 Rf6 39. Nf3 g6 40. Rh8
g5 41. Rdd8 Rfe6 42. Rhg8 Re8 43. Rgxe8 Rxe8 44. Rxe8 Kxe8 45. Ne1 Kd7 46. Nd3
Bg7 47. Kf3 Kd6 48. e4 fxe4+ 49. Kxe4 b5 50. Ne1 Bd4 51. Nd3 Bc3 52. f4 c4 53.
bxc4 bxc4 54. Nf2 gxf4 55. gxf4 Kc5 56. Ng4 h5 57. Ne3 Bg7 58. f5 a5 59. Nd5 c3
60. Ne3 Bf6 61. Kd3 Bg7 62. Ke4 Bh6 63. Nc2 Bg5 64. Ke5 Kc4 65. Ke4 Bf6 66.
Ne3+ Kc5 67. Nc2 a4 68. Ne3 Bg5 69. Kd3 Bf6 70. Ke4 Kd6 71. Nc4+ Kc5 72. Ne3
1/2-1/2

[Event "Sparkassen-Open A"]
[Site "Heusenstamm, Martinsee"]
[Date "2019.11.21"]
[Round "1.7"]
[White "Baskin, Robert"]
[Black "Rutsatz, Mario"]
[Result "1-0"]
[WhiteElo "2410"]
[BlackElo "1978"]
[PlyCount "63"]
[EventDate "2019.??.??"]
[WhiteTeam "Wiesbadener SV"]
[BlackTeam "SF Frankfurt"]

1. e4 Nf6 2. e5 Nd5 3. d4 d6 4. Nf3 Bg4 5. Be2 e6 6. h3 Bh5 7. c4 Nb6 8. Nc3
Nc6 9. exd6 cxd6 10. d5 exd5 11. g4 Bg6 12. cxd5 Nb4 13. Nd4 Be7 14. O-O O-O
15. f4 h6 16. f5 Bh7 17. Qb3 a5 18. a3 Bf6 19. Be3 Re8 20. Bf2 Na6 21. Ne6 fxe6
22. dxe6 Qc8 23. Qxb6 Bxc3 24. Rac1 Nc5 25. Rxc3 Qd8 26. Qxd8 Raxd8 27. Bxc5
dxc5 28. Bb5 Re7 29. Rxc5 Kh8 30. Bd7 Bg8 31. Rc8 Rxc8 32. Bxc8 1-0

[Event "Sparkassen-Open A"]
[Site "Heusenstamm, Martinsee"]
[Date "2019.11.21"]
[Round "1.8"]
[White "Ermitsch, Magnus"]
[Black "Schmittdiel, Eckhard"]
[Result "0-1"]
[WhiteElo "1881"]
[BlackElo "2412"]
[PlyCount "120"]
[EventDate "2019.??.??"]
[WhiteTeam "Borussia Lichtenberg"]
[BlackTeam "BCA Augsburg"]

1. e4 e6 2. d4 d5 3. Nc3 Nf6 4. Bg5 Be7 5. e5 Nfd7 6. h4 a6 7. Qg4 Bxg5 8. hxg5
c5 9. g6 f5 10. Qf4 cxd4 11. Rxh7 Rg8 12. Nce2 Qa5+ 13. c3 dxc3 14. Nxc3 Nc6
15. Nf3 d4 16. Nxd4 Nxd4 17. Qxd4 Qxe5+ 18. Ne2 Qxd4 19. Nxd4 Ne5 20. Rc1 Ke7
21. Rh3 Rd8 22. Rc7+ Kf6 23. Rhc3 Nxg6 24. Nb3 Ne7 25. Nc5 Nd5 26. Rd3 b6 27.
Na4 Rd7 28. Rxd7 Bxd7 29. Nc3 Bc6 30. Nxd5+ Bxd5 31. g3 Bxa2 32. Ra3 Bd5 33.
Bxa6 Ke5 34. Kd2 Kd4 35. Be2 Rxa3 36. bxa3 g5 37. a4 Bc4 38. Bf3 e5 39. Bc6 Be6
40. Be8 Kc4 41. Ke3 Bd5 42. f4 exf4+ 43. gxf4 g4 44. Bd7 Be4 45. Kf2 Kd4 46.
Kg3 Kd5 47. Kf2 Kd6 48. Bc8 Ke7 49. Kg3 Kf6 50. Bd7 Bd5 51. Kf2 Be6 52. Bb5 Ke7
53. Bd3 Kd6 54. Kg3 Bd7 55. Bc2 Kc5 56. Kf2 Kb4 57. Kg3 Kc3 58. Bd1 Bc6 59. Kf2
Bd5 60. Be2 Bc4 0-1

[Event "Sparkassen-Open A"]
[Site "Heusenstamm, Martinsee"]
[Date "2019.11.21"]
[Round "1.9"]
[White "Gutman, Lev"]
[Black "Schmidt, Max"]
[Result "1-0"]
[WhiteElo "2407"]
[BlackElo "1976"]
[PlyCount "61"]
[EventDate "2019.??.??"]
[WhiteTeam "SV Lingen"]
[BlackTeam "Frankfurter TV"]

1. Nf3 Nf6 2. g3 b6 3. Bg2 Bb7 4. O-O c5 5. d4 cxd4 6. Qxd4 Nc6 7. Qd3 g6 8. c4
Bg7 9. Nc3 O-O 10. Bd2 d6 11. Rac1 Rc8 12. b3 Re8 13. Rfd1 Qc7 14. Bh3 Rcd8 15.
Nd5 Qb8 16. Bc3 Nd7 17. Bxg7 Kxg7 18. Qc3+ Kg8 19. Ng5 Nf8 20. f4 Bc8 21. Bg2
Bd7 22. Ne4 Ne6 23. Nxd6 exd6 24. Nf6+ Kf8 25. Nxd7+ Rxd7 26. Bxc6 Rdd8 27.
Bxe8 Kxe8 28. Rd5 Nc5 29. Rcd1 Ne4 30. Qd4 f5 31. g4 1-0

[Event "Sparkassen-Open A"]
[Site "Heusenstamm, Martinsee"]
[Date "2019.11.21"]
[Round "1.10"]
[White "Kalepky, Helmut"]
[Black "Thinius, Marco"]
[Result "0-1"]
[WhiteElo "1973"]
[BlackElo "2398"]
[PlyCount "98"]
[EventDate "2019.??.??"]
[WhiteTeam "SF Heidesheim"]
[BlackTeam "SV Empor Berlin"]

1. d4 Nf6 2. Nf3 g6 3. g3 Bg7 4. Bg2 c5 5. c3 cxd4 6. Nxd4 O-O 7. e4 d6 8. O-O
Nbd7 9. Na3 a6 10. Qe2 Qc7 11. h3 Re8 12. Nb3 Rb8 13. Be3 b5 14. Rac1 Bb7 15.
Bg5 Nc5 16. Nxc5 Qxc5 17. Be3 Qc7 18. Bd2 d5 19. exd5 Bxd5 20. Bxd5 Nxd5 21. c4
bxc4 22. Nxc4 Qd7 23. b3 Qxh3 24. Qf3 Qd7 25. Rfd1 e5 26. Ba5 e4 27. Qe2 Qe6
28. Qd2 Nf6 29. Qd6 Qh3 30. Ne3 Rb5 31. Rc5 Bf8 32. Qxf6 Rxc5 33. Bc3 Rxc3 34.
Qxc3 Qe6 35. Nd5 Bg7 36. Qc7 Be5 37. Qb7 e3 38. Nxe3 Bxg3 39. Qf3 Be5 40. Kg2
h5 41. Qd5 Qf6 42. Qf3 Qg5+ 43. Kf1 Bg7 44. Rd5 Qe7 45. Qd1 Bh6 46. Rd7 Qe6 47.
Qd5 Bxe3 48. Qxe6 Rxe6 49. fxe3 Rxe3 0-1

[Event "Sparkassen-Open A"]
[Site "Heusenstamm, Martinsee"]
[Date "2019.11.21"]
[Round "1.11"]
[White "Nothnagel, Marian Can"]
[Black "Papadopoulos, Ioannis"]
[Result "1/2-1/2"]
[WhiteElo "2364"]
[BlackElo "1944"]
[PlyCount "69"]
[EventDate "2019.??.??"]
[WhiteTeam "SV Griesheim"]
[BlackTeam "SV Oberursel"]

1. e4 c5 2. Nf3 d6 3. Bb5+ Bd7 4. Bxd7+ Qxd7 5. O-O Nf6 6. Qe2 Nc6 7. Rd1 e6 8.
d4 cxd4 9. Nxd4 Be7 10. c4 Nxd4 11. Rxd4 Qc6 12. Nc3 Nd7 13. Rd1 a6 14. Bf4 Ne5
15. b3 b5 16. Rac1 bxc4 17. Bxe5 dxe5 18. Na4 O-O 19. Rxc4 Qb5 20. Qc2 Rfd8 21.
Rxd8+ Rxd8 22. g3 g6 23. Kg2 a5 24. Rc8 Rxc8 25. Qxc8+ Kg7 26. Qc4 Qd7 27. Qc3
Qd4 28. Qxd4 exd4 29. Kf3 e5 30. Ke2 f5 31. Kd3 Kf6 32. f3 Ke6 33. Kc4 h5 34.
Kb5 g5 35. Kc4 1/2-1/2

[Event "Sparkassen-Open A"]
[Site "Heusenstamm, Martinsee"]
[Date "2019.11.21"]
[Round "1.12"]
[White "Foerster-Yialamas, Lucas"]
[Black "Odendahl, Reiner"]
[Result "1/2-1/2"]
[WhiteElo "1953"]
[BlackElo "2351"]
[PlyCount "56"]
[EventDate "2019.??.??"]
[WhiteTeam "Frankfurter TV"]
[BlackTeam "Elberfelder SG"]

1. e4 c5 2. Nf3 e6 3. d4 cxd4 4. Nxd4 a6 5. Bd3 Nf6 6. Qe2 d6 7. c4 g6 8. Nc3
Bg7 9. Be3 Qc7 10. O-O O-O 11. Rac1 Nbd7 12. f4 Re8 13. Nb3 b6 14. Bd4 Nc5 15.
e5 Nfd7 16. Bxc5 Nxc5 17. exd6 Qxd6 18. Nxc5 Qxc5+ 19. Kh1 Bb7 20. Be4 Bxe4 21.
Nxe4 Qb4 22. b3 Red8 23. Rfd1 a5 24. Rxd8+ Rxd8 25. Rd1 Rd4 26. Rxd4 Bxd4 27.
g3 a4 28. Qd2 Qxd2 1/2-1/2

[Event "Sparkassen-Open A"]
[Site "Heusenstamm, Martinsee"]
[Date "2019.11.21"]
[Round "1.13"]
[White "Farmani Anosheh, Armin"]
[Black "Schubert, Nikita"]
[Result "1-0"]
[WhiteElo "2344"]
[BlackElo "1965"]
[PlyCount "83"]
[EventDate "2019.??.??"]
[WhiteTeam "SK Ladenburg"]
[BlackTeam "ESV Gera"]

1. d4 Nf6 2. c4 e6 3. Nf3 d5 4. g3 Be7 5. Bg2 O-O 6. O-O dxc4 7. Qc2 a6 8. a4
Bd7 9. Qxc4 Bc6 10. Bg5 Nbd7 11. Nc3 Nd5 12. h4 h6 13. Bxe7 Qxe7 14. Rfc1 Rac8
15. a5 Nxc3 16. bxc3 Bd5 17. Qd3 Nf6 18. Ne5 Bxg2 19. Kxg2 c5 20. Rab1 Rfd8 21.
Nc4 Rc7 22. Rc2 Ne8 23. Rcb2 cxd4 24. cxd4 Nd6 25. Nxd6 Rxd6 26. Rb6 Qd7 27.
Qf3 Rd5 28. R1b4 Rf5 29. Qe4 Rxa5 30. Rxb7 Rd5 31. Qb1 g6 32. Rb8+ Kg7 33. e3
a5 34. R4b6 Ra7 35. Qb2 a4 36. Qa3 Rc7 37. Qf8+ Kf6 38. e4 Rxd4 39. Qh8+ Ke7
40. Qf8+ Kf6 41. Qh8+ Ke7 42. e5 1-0

[Event "Sparkassen-Open A"]
[Site "Heusenstamm, Martinsee"]
[Date "2019.11.21"]
[Round "1.14"]
[White "Kuhn, Gerhard"]
[Black "Abel, Thomas"]
[Result "1/2-1/2"]
[WhiteElo "1963"]
[BlackElo "2342"]
[PlyCount "85"]
[EventDate "2019.??.??"]
[WhiteTeam "SK Marburg"]
[BlackTeam "vereinslos"]

1. e4 Nf6 2. Nc3 d5 3. e5 Ne4 4. Nce2 Nc5 5. d4 Ne6 6. f4 c5 7. Nf3 Nc6 8. c3
g6 9. g3 cxd4 10. Nexd4 Nexd4 11. Nxd4 Qb6 12. Qb3 Qxb3 13. Nxb3 Bf5 14. Bg2 e6
15. Be3 Rc8 16. Kf2 Be7 17. Bf3 O-O 18. g4 Bc2 19. Nd4 Nxd4 20. cxd4 f5 21. g5
Be4 22. Rhc1 Bxf3 23. Kxf3 Kf7 24. Rxc8 Rxc8 25. Rc1 Rc4 26. b3 Rc6 27. Rxc6
bxc6 28. Ke2 Ke8 29. Kd3 Kd7 30. Bd2 Kc7 31. b4 Kb6 32. Kc2 Kb5 33. Kb3 Kb6 34.
Ka4 Bf8 35. Be3 h6 36. h4 h5 37. Bf2 Be7 38. Be3 Bd8 39. Bf2 Kb7 40. Be3 Bb6
41. Bf2 Bc7 42. Be3 Kb6 43. Bf2 1/2-1/2

[Event "Sparkassen-Open A"]
[Site "Heusenstamm, Martinsee"]
[Date "2019.11.21"]
[Round "1.15"]
[White "Krastev, Alexander"]
[Black "Berberich, Christoph"]
[Result "1/2-1/2"]
[WhiteElo "2330"]
[BlackElo "1958"]
[PlyCount "75"]
[EventDate "2019.??.??"]
[WhiteTeam "Biebertaler SF"]
[BlackTeam "SGEM Dreisamtal"]

1. e4 c5 2. Nf3 Nc6 3. d4 cxd4 4. Nxd4 Nf6 5. Nc3 e5 6. Ndb5 d6 7. a4 a6 8. Na3
Bg4 9. f3 Be6 10. Bc4 Rc8 11. O-O Be7 12. Nd5 O-O 13. Be3 Bxd5 14. exd5 Nb8 15.
Be2 Nbd7 16. Nc4 Nh5 17. g3 f5 18. Bf2 g6 19. a5 f4 20. Nd2 fxg3 21. hxg3 Ndf6
22. c4 Qd7 23. Kg2 Qf5 24. Ra3 Qg5 25. Kh2 Qh6 26. Kg1 Qg5 27. Ne4 Nxe4 28.
fxe4 Nf4 29. Bg4 Rxc4 30. gxf4 exf4 31. Kh1 Rxe4 32. Rh3 f3 33. Bxf3 Qf5 34.
Bxe4 Qxh3+ 35. Kg1 Rf4 36. Bg2 Rg4 37. Bg3 Rxg3 38. Qe2 1/2-1/2

[Event "Sparkassen-Open A"]
[Site "Heusenstamm, Martinsee"]
[Date "2019.11.21"]
[Round "1.16"]
[White "Zimmer, Gerald"]
[Black "Schulze, Lara"]
[Result "0-1"]
[WhiteElo "1958"]
[BlackElo "2326"]
[PlyCount "60"]
[EventDate "2019.??.??"]
[WhiteTeam "SC Bergen-Enkheim"]
[BlackTeam "SK Lehrte"]

1. d4 Nf6 2. Nf3 e6 3. Bf4 d5 4. e3 c5 5. c3 Nc6 6. h3 Bd6 7. Bxd6 Qxd6 8. Bd3
O-O 9. Nbd2 e5 10. dxc5 Qxc5 11. Nb3 Qe7 12. Bc2 b5 13. O-O a5 14. a4 b4 15.
Re1 bxc3 16. bxc3 Rd8 17. Qc1 Ne4 18. c4 Nb4 19. cxd5 Bf5 20. Qb2 Rxd5 21. Red1
Rxd1+ 22. Rxd1 Nxf2 23. Rd2 Bxc2 24. Rxc2 Nxc2 25. Qxc2 e4 26. Nfd4 Nd3 27. Nc6
Qg5 28. Qd2 h5 29. Nbxa5 Qc5 30. Kh2 Ra6 0-1

[Event "Sparkassen-Open A"]
[Site "Heusenstamm, Martinsee"]
[Date "2019.11.21"]
[Round "1.17"]
[White "Podat, Vladimir"]
[Black "Lehmann, Tim"]
[Result "1-0"]
[WhiteElo "2321"]
[BlackElo "1955"]
[PlyCount "87"]
[EventDate "2019.??.??"]
[WhiteTeam "SC Untergrombach"]
[BlackTeam "SV Lahn Limburg"]

1. d4 Nf6 2. Nf3 g6 3. Bf4 Bg7 4. Nc3 d5 5. Nb5 Na6 6. e3 c6 7. Nc3 Nb8 8. h3
O-O 9. Bd3 Nbd7 10. O-O Re8 11. Re1 Nf8 12. Be5 Bf5 13. Bxf5 gxf5 14. Qd3 e6
15. Ne2 Ng6 16. Bh2 Kh8 17. c4 Ne4 18. cxd5 exd5 19. b4 Rg8 20. b5 Bf6 21. bxc6
bxc6 22. Rac1 Qa5 23. Ng3 Nh4 24. Nxh4 Bxh4 25. Re2 Bxg3 26. Bxg3 Rg6 27. Be5+
f6 28. Bf4 Rag8 29. f3 Ng3 30. Bxg3 Rxg3 31. Rc5 Qa4 32. Kh2 R3g5 33. f4 Rh5
34. Rec2 Qb4 35. Qe2 Rh6 36. Rxc6 Qb1 37. Rc1 Qe4 38. Rc8 Rhg6 39. Rxg8+ Rxg8
40. Rc6 a6 41. Rxa6 Rc8 42. Qf2 Qd3 43. Ra7 Re8 44. Qh4 1-0

[Event "Sparkassen-Open A"]
[Site "Heusenstamm, Martinsee"]
[Date "2019.11.21"]
[Round "1.18"]
[White "Berkes, Alexander"]
[Black "Barzen, Pascal"]
[Result "0-1"]
[WhiteElo "1833"]
[BlackElo "2312"]
[PlyCount "88"]
[EventDate "2019.??.??"]
[WhiteTeam "SK Langen"]
[BlackTeam "SG Trier"]

1. e4 c6 2. c4 d5 3. cxd5 cxd5 4. exd5 Nf6 5. Qa4+ Nbd7 6. Nc3 g6 7. Bc4 Bg7 8.
d3 O-O 9. Nf3 a6 10. Qa3 Qc7 11. O-O Nb6 12. Qb3 Bg4 13. Ng5 Nxc4 14. dxc4 h6
15. f3 hxg5 16. fxg4 Nxg4 17. g3 Bd4+ 18. Kg2 Qe5 19. Qd1 Bxc3 20. Qxg4 Bxb2
21. Rb1 Bxc1 22. Rfxc1 b5 23. Re1 Qc3 24. Rbc1 Qa3 25. Rc2 bxc4 26. Qxc4 Rad8
27. Qc5 Qd3 28. Rxe7 Rxd5 29. Qf2 Rf5 30. Qe2 Qd5+ 31. Qe4 Qb5 32. Re2 Kh7 33.
Qb7 Qc4 34. Qe4 Qc1 35. Re1 Qc5 36. Re2 Rd8 37. Qb7 Qc4 38. Qe4 Qc1 39. Re1
Rd2+ 40. Kh3 Qb2 41. a4 g4+ 42. Kh4 Rh5+ 43. Kxg4 Rd4 44. Rxf7+ Kh6 0-1

[Event "Sparkassen-Open A"]
[Site "Heusenstamm, Martinsee"]
[Date "2019.11.21"]
[Round "1.19"]
[White "Spitzl, Vinzent"]
[Black "Schultze, Jörg-Martin"]
[Result "1/2-1/2"]
[WhiteElo "2307"]
[BlackElo "1950"]
[PlyCount "179"]
[EventDate "2019.??.??"]
[WhiteTeam "SV Griesheim"]
[BlackTeam "SF Anderssen Wetzlar"]

1. e4 c6 2. d4 d5 3. exd5 cxd5 4. Bd3 Nc6 5. c3 Qc7 6. Ne2 Bg4 7. O-O e6 8. Qe1
Bxe2 9. Qxe2 Bd6 10. h3 Nf6 11. Nd2 O-O 12. Nf3 Rae8 13. Qc2 h6 14. Re1 e5 15.
dxe5 Nxe5 16. Nxe5 Bxe5 17. Be3 Re7 18. Rad1 Rd8 19. Qa4 b6 20. Bf4 Bxf4 21.
Rxe7 Bh2+ 22. Kh1 Qxe7 23. Kxh2 Re8 24. Qd4 Qe5+ 25. Qxe5 Rxe5 26. f3 g5 27. g3
Kf8 28. Kg2 Ke7 29. Kf2 Kd6 30. Bc2 Nd7 31. f4 gxf4 32. gxf4 Re7 33. c4 Kc5 34.
cxd5 Nf6 35. d6 Rd7 36. Bb3 Rxd6 37. Rc1+ Kb5 38. Rc7 Ne4+ 39. Ke2 f5 40. Bc4+
Ka5 41. Rxa7+ Kb4 42. Bd3 Re6 43. Bxe4 Rxe4+ 44. Kf3 Rd4 45. Rh7 Rd3+ 46. Kg2
Rd2+ 47. Kg3 Rxb2 48. Rxh6 Rxa2 49. Rxb6+ Kc4 50. Rf6 Kd5 51. Rxf5+ Ke6 52. Rb5
Kf6 53. Kg4 Rg2+ 54. Kh5 Rf2 55. Kg4 Rg2+ 56. Kh4 Rf2 57. Kg3 Rf1 58. Rg5 Rg1+
59. Kh4 Rf1 60. Kg4 Rg1+ 61. Kh5 Rf1 62. Rg4 Kf5 63. h4 Rh1 64. Rg8 Kxf4 65.
Rf8+ Kg3 66. Rg8+ Kf4 67. Ra8 Rh2 68. Ra4+ Kf5 69. Kh6 Rb2 70. Ra6 Rb7 71. h5
Rc7 72. Rg6 Rf7 73. Rg7 Kf6 74. Rg1 Ke7 75. Kg6 Rf6+ 76. Kh7 Rf7+ 77. Rg7 Kf8
78. h6 Rf1 79. Rg2 Rf7+ 80. Kh8 Rf1 81. Rg3 Rf2 82. Kh7 Kf7 83. Rg1 Kf8 84. Kg6
Kg8 85. Rg5 Kh8 86. Rb5 Rf8 87. Rb7 Ra8 88. Rh7+ Kg8 89. Rg7+ Kh8 90. Rh7+
1/2-1/2

[Event "Sparkassen-Open A"]
[Site "Heusenstamm, Martinsee"]
[Date "2019.11.21"]
[Round "1.20"]
[White "Voss, Georg"]
[Black "Zuferi, Enis"]
[Result "0-1"]
[WhiteElo "1950"]
[BlackElo "2290"]
[PlyCount "194"]
[EventDate "2019.??.??"]
[WhiteTeam "SV Schmallenberg"]
[BlackTeam "Heilbronner SV"]

1. c4 Nf6 2. g3 e5 3. Nc3 d5 4. cxd5 Nxd5 5. Bg2 Nb6 6. Nf3 Nc6 7. d3 Be7 8.
Be3 O-O 9. O-O Be6 10. Rc1 f6 11. a3 Nd4 12. Bxd4 exd4 13. Ne4 Re8 14. Qd2 c6
15. e3 dxe3 16. fxe3 Bf7 17. Nd4 Nd5 18. Nf5 Bf8 19. Qf2 g6 20. Nd4 Bh6 21. Nc2
f5 22. g4 Be6 23. Nc5 Qe7 24. Nxe6 Qxe6 25. gxf5 gxf5 26. Bxd5 Qxd5 27. Qg2+
Qxg2+ 28. Kxg2 Rad8 29. Rcd1 Bxe3 30. Rxf5 Bh6 31. Kf3 Re7 32. b4 Red7 33. d4
Re8 34. Rg1+ Bg7 35. Rg4 Rf7 36. Rxf7 Kxf7 37. Ne3 Re6 38. d5 cxd5 39. Nxd5 Bh6
40. Rc4 Ra6 41. Rc3 Bd2 42. Rc7+ Ke6 43. Ke4 Rxa3 44. Rxb7 h6 45. Rh7 Kd6 46.
Rf7 Bg5 47. Rf2 Rh3 48. Nf6 Ke6 49. Ng4 Rb3 50. Ra2 Rxb4+ 51. Kf3 h5 52. Nf2
Rf4+ 53. Kg2 Rf7 54. Ra5 Rg7 55. Kf3 h4 56. Ne4 Bd8 57. Ra6+ Bb6 58. Ra4 Ke5
59. Nd2 Bd8 60. Nf1 Rf7+ 61. Ke2 Kd5 62. Nd2 Rh7 63. h3 Kc6 64. Nf3 a5 65. Rd4
Rh8 66. Kd3 Kc5 67. Rc4+ Kb5 68. Nd4+ Kb6 69. Nf3 Rg8 70. Nxh4 Rg3+ 71. Kc2 Kb5
72. Rd4 Bb6 73. Rd3 Rg8 74. Nf3 a4 75. Nd4+ Kc4 76. Nc6 Bc5 77. Ne5+ Kb4 78.
Nc6+ Kb5 79. Nd4+ Kc4 80. Ne6 Bb6 81. Nf4 Rg1 82. Rc3+ Kb5 83. Rd3 Rh1 84. Nd5
Ba5 85. Nc3+ Kc4 86. Re3 a3 87. Re4+ Kc5 88. Re5+ Kb6 89. Re6+ Kb7 90. Re7+ Kc6
91. Re6+ Kb7 92. Re7+ Bc7 93. Re3 Bd6 94. Kb3 Kc6 95. Ka2 Rh2+ 96. Ne2 Bc5 97.
Re8 Rxh3 $138 0-1

[Event "Sparkassen-Open A"]
[Site "Heusenstamm, Martinsee"]
[Date "2019.11.21"]
[Round "1.21"]
[White "Klundt, Klaus"]
[Black "Bardorz, Jana"]
[Result "0-1"]
[WhiteElo "2297"]
[BlackElo "1932"]
[PlyCount "54"]
[EventDate "2019.??.??"]
[WhiteTeam "SC Heusenstamm"]
[BlackTeam "TSV Rottendorf"]

1. e4 e5 2. Nf3 Nc6 3. Bb5 a6 4. Ba4 Nf6 5. O-O b5 6. Bb3 Bc5 7. c3 d6 8. d4
Bb6 9. a4 Rb8 10. axb5 axb5 11. Na3 O-O 12. Nxb5 Bg4 13. Bc2 Bxf3 14. gxf3 Nh5
15. Kh1 Qh4 16. Be3 f5 17. exf5 Ne7 18. Rg1 Nxf5 19. Qd3 d5 20. Rg2 g6 21. Bg5
Qh3 22. dxe5 c6 23. Nd6 Nxd6 24. exd6 Rxf3 25. Qd2 Rbf8 26. Be3 Bxe3 27. fxe3
Rf1+ 0-1

[Event "Sparkassen-Open A"]
[Site "Heusenstamm, Martinsee"]
[Date "2019.11.21"]
[Round "1.22"]
[White "Krychevskiy, Dmytro"]
[Black "Hahn, Markus"]
[Result "0-1"]
[WhiteElo "1947"]
[BlackElo "2291"]
[PlyCount "48"]
[EventDate "2019.??.??"]
[WhiteTeam "SV Oberursel"]
[BlackTeam "SVG Caissa Kassel"]

1. e4 c5 2. Nf3 d6 3. d4 cxd4 4. Nxd4 Nf6 5. Nc3 Nc6 6. f3 e5 7. Nb3 Be7 8. Be3
O-O 9. Qd2 a5 10. Be2 a4 11. Nc1 Ra5 12. Bb5 a3 13. b3 d5 14. Bxc6 bxc6 15.
exd5 cxd5 16. N3e2 d4 17. Bf2 Nd5 18. Nd3 Bg5 19. f4 exf4 20. Qd1 Bg4 21. Ndc1
Re8 22. Bxd4 Bxe2 23. Nxe2 f3 24. gxf3 Nf4 0-1

[Event "Sparkassen-Open A"]
[Site "Heusenstamm, Martinsee"]
[Date "2019.11.21"]
[Round "1.23"]
[White "Weber, Samuel"]
[Black "Stumpf, Daniel"]
[Result "1-0"]
[WhiteElo "2291"]
[BlackElo "1947"]
[PlyCount "67"]
[EventDate "2019.??.??"]
[WhiteTeam "SV Oberursel"]
[BlackTeam "SW Lichtenrade"]

1. Nf3 c5 2. e4 g6 3. c3 b6 4. Bd3 Bb7 5. O-O Bg7 6. Re1 e6 7. Na3 d5 8. exd5
Bxd5 9. Bb5+ Bc6 10. Ne5 Bxe5 11. Rxe5 Bxb5 12. Nxb5 Nc6 13. Re1 Nge7 14. d3 a6
15. Na3 Nf5 16. Qf3 Rc8 17. Bf4 g5 18. Bc7 Rxc7 19. Qxf5 O-O 20. Qh3 Qf6 21.
Nc4 b5 22. Nd2 Qg7 23. Qg3 Rd7 24. Ne4 Rd5 25. f4 h6 26. fxg5 hxg5 27. h4 f6
28. hxg5 fxg5 29. Rf1 Rff5 30. Rae1 Ne5 31. Rxf5 exf5 32. Nxg5 Nd7 33. Re8+ Nf8
34. Rxf8+ 1-0

[Event "Sparkassen-Open A"]
[Site "Heusenstamm, Martinsee"]
[Date "2019.11.21"]
[Round "1.24"]
[White "Valenta, Richard"]
[Black "Stork, Oliver"]
[Result "0-1"]
[WhiteElo "1938"]
[BlackElo "2287"]
[PlyCount "56"]
[EventDate "2019.??.??"]
[WhiteTeam "SC Kevelaer"]
[BlackTeam "SV Oberursel"]

1. d4 Nf6 2. c4 g6 3. Nc3 d5 4. Nf3 Bg7 5. e3 O-O 6. cxd5 Nxd5 7. g3 c5 8. Bg2
cxd4 9. Nxd4 Nxc3 10. bxc3 e5 11. Ne2 Qc7 12. O-O Nc6 13. Qa4 Bd7 14. Bb2 Rac8
15. Rfc1 Na5 16. Qc2 Rfd8 17. Rd1 Qc4 18. Bd5 Ba4 19. Qd3 Rxd5 20. Qxd5 Qxe2
21. Rd2 Qa6 22. Ba3 h5 23. Bb4 Nc4 24. Rd3 Bc2 25. Qd7 Nb6 26. Qxc8+ Nxc8 27.
Rd8+ Kh7 28. Rxc8 Qe2 0-1